[Event "XXVI Festival Conca della Presolana A"]
[Site "Bratto - Castione della Presolana ITA"]
[Date "2006.08.25"]
[Round "7"]
[White "Grooten, Herman"]
[Black "Efimov, Igor"]
[Result "1-0"]
[WhiteElo "2362"]
[BlackElo "2439"]
[PlyCount "131"]
[EventDate "2006.08.19"]

1. d4 d5 2. c4 dxc4 3. Nf3 Nf6 4. e3 e6 5. Bxc4 a6 6. O-O c5 7. dxc5 Bxc5 8.
Qxd8+ Kxd8 9. Ne5 Ke7 10. Be2 Rd8 11. Nd2 Kf8 12. Nb3 Be7 13. f3 Nbd7 14. Nc4
Nc5 15. Nba5 Bd7 16. Nb6 Rab8 17. Nxd7+ Rxd7 18. e4 Rbd8 19. Be3 Na4 20. b3 Nc3
21. Kf2 Bb4 22. Nc4 b5 23. Ne5 Rd2 24. Rfe1 Rc2 25. Rac1 Ncxe4+ 26. fxe4 Bxe1+
27. Kxe1 Rxa2 28. Bf3 Rb2 29. b4 Ke8 30. Bb6 Rb8 31. Ba5 Nd7 32. Nd3 Rb3 33.
Nc5 Nxc5 34. bxc5 Ra3 35. Bc7 Rc8 36. Bd6 b4 37. c6 Re3+ 38. Kd2 Rc3 39. e5
Rxc1 40. Kxc1 a5 41. Kb2 f5 42. h4 g6 43. Kb3 h6 44. Ka4 g5 45. g3 g4 46. Bg2
Kd8 47. h5 Rc7 48. Bc5 Kc8 49. Bb6 Rf7 50. Bf1 Rc7 51. Bb5 f4 52. gxf4 g3 53.
f5 exf5 54. e6 g2 55. Bd3 f4 56. Be4 Rg7 57. e7 Rxe7 58. Bxg2 Rg7 59. Bd5 Re7
60. Bf3 b3 61. Bg4+ Kb8 62. Kxb3 Rf7 63. Bd7 Rf8 64. Bc5 Rg8 65. Bd6+ Ka7 66.
Bxf4 1-0

[Event "XXVI Festival Conca della Presolana A"]
[Site "Bratto - Castione della Presolana ITA"]
[Date "2006.08.25"]
[Round "7"]
[White "Johansson, Alexander"]
[Black "Rosin, Federico"]
[Result "0-1"]
[WhiteElo "1921"]
[BlackElo "2135"]
[PlyCount "62"]
[EventDate "2006.08.19"]

1. d4 d5 2. Nf3 Nc6 3. c4 Bg4 4. e3 e5 5. h3 Bxf3 6. Qxf3 Nf6 7. Nc3 Bb4 8. Bd2
exd4 9. Nxd5 Bxd2+ 10. Kxd2 O-O 11. e4 Nxd5 12. exd5 Qg5+ 13. Kd1 Ne5 14. Qe4
Ng6 15. Qxd4 c6 16. d6 c5 17. Qd3 Rad8 18. h4 Qf6 19. Kc1 Rxd6 20. Qe3 Nf4 21.
a3 Rfd8 22. Kb1 Rd2 23. Qb3 R8d6 24. Qb5 h5 25. Qe8+ Kh7 26. Qe4+ g6 27. Ra2
Rd1+ 28. Kc2 R6d2+ 29. Kb3 Qb6+ 30. Kc3 Qa5+ 31. Kb3 Ne6 0-1

[Event "XXVI Festival Conca della Presolana A"]
[Site "Bratto - Castione della Presolana ITA"]
[Date "2006.08.25"]
[Round "7"]
[White "Lanzani, Mario"]
[Black "Sautto, Daniele"]
[Result "0-1"]
[WhiteElo "2331"]
[BlackElo "2152"]
[PlyCount "48"]
[EventDate "2006.08.19"]

1. d4 Nf6 2. Nf3 e6 3. c4 b6 4. g3 Bb7 5. Bg2 Bb4+ 6. Bd2 Bxd2+ 7. Nbxd2 Ne4 8.
O-O f5 9. Ne1 d5 10. Ndf3 O-O 11. Ne5 Nd7 12. N1d3 dxc4 13. Nxc4 Qf6 14. e3
Rfd8 15. Qe2 Rac8 16. b4 Ba6 17. Rac1 c5 18. bxc5 bxc5 19. f3 cxd4 20. fxe4
Rxc4 21. Rxc4 Bxc4 22. Qc2 Ne5 23. exd4 Bxd3 24. dxe5 Qe7 0-1

[Event "XXVI Festival Conca della Presolana A"]
[Site "Bratto - Castione della Presolana ITA"]
[Date "2006.08.25"]
[Round "7"]
[White "Lapenna, Antonio"]
[Black "Pantaleoni, Claudio"]
[Result "1-0"]
[WhiteElo "2079"]
[BlackElo "2222"]
[PlyCount "89"]
[EventDate "2006.08.19"]

1. e4 c5 2. Nf3 e6 3. d4 cxd4 4. Nxd4 a6 5. Bd3 Nf6 6. O-O Qc7 7. Be3 Nc6 8.
Nc3 Nxd4 9. Bxd4 Bc5 10. Bxc5 Qxc5 11. Qf3 O-O 12. Rfe1 d6 13. Rad1 Bd7 14. e5
dxe5 15. Ne4 Nxe4 16. Qxe4 g6 17. Qxb7 Bb5 18. Qe4 Rab8 19. b3 Bxd3 20. Qxd3
Qa3 21. h3 Rfc8 22. Rxe5 Qxa2 23. Re2 a5 24. Qe4 Qb2 25. Rd7 Rb4 26. Qf3 Qc1+
27. Kh2 Qf4+ 28. Qxf4 Rxf4 29. Ra7 a4 30. bxa4 Rfc4 31. Re3 Rxc2 32. Rf3 f5 33.
Rb3 R8c7 34. Rxc7 Rxc7 35. Ra3 e5 36. a5 Kf7 37. a6 Ra7 38. Ra5 Ke6 39. Kg3 g5
40. Kf3 h5 41. Ke3 g4 42. Kd3 f4 43. Ke4 Kf6 44. h4 Rd7 45. Rxe5 1-0

[Event "XXVI Festival Conca della Presolana A"]
[Site "Bratto - Castione della Presolana ITA"]
[Date "2006.08.25"]
[Round "7"]
[White "Maccagno, Giancarlo"]
[Black "Sardo, Gabriele"]
[Result "1-0"]
[WhiteElo "2093"]
[BlackElo "2190"]
[PlyCount "103"]
[EventDate "2006.08.19"]

1. e4 c5 2. Nf3 d6 3. b3 Nf6 4. e5 dxe5 5. Nxe5 Qd4 6. Bb5+ Nbd7 7. Nxd7 Nxd7
8. Nc3 a6 9. Be2 Nf6 10. Bb2 Qd6 11. Bf3 Qe5+ 12. Qe2 Qxe2+ 13. Nxe2 e6 14.
O-O-O Be7 15. Ng3 O-O 16. d4 cxd4 17. Rxd4 Bc5 18. Rd2 Bb6 19. Rhd1 Bc7 20. Re2
Rd8 21. Rxd8+ Bxd8 22. Ne4 Nxe4 23. Bxe4 Bc7 24. g3 Rb8 25. c4 b6 26. Rd2 f6
27. f4 Bb7 28. Bxb7 Rxb7 29. Kc2 Bb8 30. Ba3 Kf7 31. Rd8 Kg6 32. Bf8 e5 33.
fxe5 Bxe5 34. Bd6 Bxd6 35. Rxd6 Kf5 36. Kd3 Kg4 37. Ke4 Kh3 38. Kd5 Kxh2 39.
Kc6 Re7 40. Kxb6 Kxg3 41. c5 h5 42. c6 g5 43. Kxa6 h4 44. Rd7 Re2 45. c7 Rc2
46. Rd3+ Kg4 47. Rd4+ Kg3 48. Rc4 Rxc4 49. bxc4 f5 50. c8=Q f4 51. Qf5 g4 52.
c5 1-0

[Event "XXVI Festival Conca della Presolana A"]
[Site "Bratto - Castione della Presolana ITA"]
[Date "2006.08.25"]
[Round "7"]
[White "Magrini, Fabrizio"]
[Black "Lava, Giovanni"]
[Result "1/2-1/2"]
[WhiteElo "2119"]
[BlackElo "2232"]
[PlyCount "49"]
[EventDate "2006.08.19"]

1. e4 c5 2. Nf3 e6 3. d4 cxd4 4. Nxd4 Nc6 5. Nc3 Qc7 6. Be3 a6 7. Bd3 Nf6 8.
O-O Ne5 9. Nf3 d6 10. Na4 Ned7 11. c4 Be7 12. b4 b6 13. Rc1 Bb7 14. Nc3 Rc8 15.
a3 O-O 16. h3 Qb8 17. Qe2 Rfe8 18. Nd2 d5 19. cxd5 exd5 20. Nxd5 Nxd5 21. exd5
b5 22. Ne4 Bxd5 23. Ng3 Nf6 24. Nh5 g6 25. Nf4 1/2-1/2

[Event "XXVI Festival Conca della Presolana A"]
[Site "Bratto - Castione della Presolana ITA"]
[Date "2006.08.25"]
[Round "7"]
[White "Miatello, Alberto"]
[Black "Lampl, Gerald"]
[Result "0-1"]
[WhiteElo "2082"]
[BlackElo "1826"]
[PlyCount "66"]
[EventDate "2006.08.19"]

1. e4 c5 2. Nf3 Nc6 3. d4 cxd4 4. Nxd4 Nf6 5. Nc3 e5 6. Ndb5 d6 7. Nd5 Nxd5 8.
exd5 Nb8 9. f4 a6 10. Nc3 Nd7 11. Be3 Be7 12. Qf3 O-O 13. f5 b5 14. Bd3 Bb7 15.
a3 Rc8 16. O-O Bg5 17. Rae1 Bxe3+ 18. Rxe3 f6 19. Qg4 Rf7 20. Rff3 Qb6 21. Kf1
Rc5 22. Rh3 Bxd5 23. Qh5 Nf8 24. g4 Bc4 25. Ne4 Bxd3+ 26. cxd3 Rc1+ 27. Kg2 d5
28. g5 dxe4 29. g6 Rc2+ 30. Kf1 Re7 31. gxh7+ Kh8 32. dxe4 Qd4 33. Qf3 Rec7 0-1

[Event "XXVI Festival Conca della Presolana A"]
[Site "Bratto - Castione della Presolana ITA"]
[Date "2006.08.25"]
[Round "7"]
[White "Milazzo, Mario"]
[Black "Pace, Pietro Dario"]
[Result "0-1"]
[WhiteElo "2110"]
[BlackElo "2228"]
[PlyCount "66"]
[EventDate "2006.08.19"]

1. e4 c5 2. Nc3 Nc6 3. g3 g6 4. Bg2 Bg7 5. d3 d6 6. Nge2 e6 7. O-O Nge7 8. Be3
Nd4 9. Qd2 O-O 10. Rae1 Rb8 11. Nd1 b5 12. c3 Nxe2+ 13. Rxe2 b4 14. Bh6 Qa5 15.
Bxg7 Kxg7 16. e5 dxe5 17. Rxe5 Ba6 18. c4 Qc7 19. Rfe1 Nf5 20. b3 Nd4 21. f4
Rfd8 22. Nf2 Qb6 23. g4 Bb7 24. R5e3 Bxg2 25. Kxg2 Qc6+ 26. Kg3 h5 27. f5 exf5
28. gxh5 Rh8 29. Nh3 Rxh5 30. Nf4 Rg5+ 31. Kf2 Rg4 32. Rh3 Rh8 33. Rxh8 Qf3#
0-1

[Event "XXVI Festival Conca della Presolana A"]
[Site "Bratto - Castione della Presolana ITA"]
[Date "2006.08.25"]
[Round "7"]
[White "Nardelli, Marco"]
[Black "Mazzilli, Piero"]
[Result "0-1"]
[WhiteElo "2123"]
[BlackElo "2310"]
[PlyCount "108"]
[EventDate "2006.08.19"]

1. e4 c5 2. Nf3 d6 3. c3 Nf6 4. Be2 Nbd7 5. d3 b6 6. O-O Bb7 7. Nbd2 e6 8. Re1
Be7 9. Bf1 O-O 10. b3 Qc7 11. Bb2 Ne5 12. d4 Nxf3+ 13. Qxf3 Nxe4 14. Nxe4 f5
15. Qh3 Bxe4 16. f3 Bd5 17. c4 Bb7 18. Rxe6 Bc8 19. Ree1 Bf6 20. f4 Bb7 21. Bd3
g6 22. Re6 Rae8 23. Rae1 Rxe6 24. Rxe6 Qf7 25. Qe3 cxd4 26. Qe2 Rd8 27. Ba3 Be5
28. fxe5 Qxe6 29. Bxd6 Be4 30. h3 Bxd3 31. Qxd3 Rxd6 32. exd6 Qxd6 33. b4 Kg7
34. a4 Kf8 35. a5 Qxb4 36. Qg3 Qe7 37. Qb8+ Kf7 38. axb6 axb6 39. Qxb6 d3 40.
Qd4 Qe1+ 41. Kh2 d2 42. Qd7+ Kf6 43. Qd8+ Ke5 44. Qd5+ Kf4 45. Qd4+ Kg5 46.
Qd8+ Kh5 47. g4+ fxg4 48. hxg4+ Kxg4 49. Qd7+ Kf3 50. Qd5+ Kf2 51. Qg2+ Ke3 52.
Qh3+ Kd4 53. Qd7+ Kc3 54. Qg7+ Kc2 0-1

[Event "XXVI Festival Conca della Presolana A"]
[Site "Bratto - Castione della Presolana ITA"]
[Date "2006.08.25"]
[Round "7"]
[White "Orsi, Massimiliano"]
[Black "Zoldan, Matteo"]
[Result "1/2-1/2"]
[WhiteElo "2025"]
[BlackElo "2127"]
[PlyCount "36"]
[EventDate "2006.08.19"]

1. e4 c5 2. Nf3 Nc6 3. d4 cxd4 4. Nxd4 Qb6 5. Nb5 a6 6. Be3 Qd8 7. Nd4 Nf6 8.
Nc3 d6 9. Be2 g6 10. O-O Bg7 11. Nxc6 bxc6 12. e5 dxe5 13. Qxd8+ Kxd8 14. Bb6+
Ke8 15. Bf3 Bb7 16. Rad1 Nd7 17. Ba5 f5 18. Na4 e4 1/2-1/2

[Event "XXVI Festival Conca della Presolana A"]
[Site "Bratto - Castione della Presolana ITA"]
[Date "2006.08.25"]
[Round "7"]
[White "Paolinelli, Giacomo"]
[Black "Ruggeri, Pietro"]
[Result "1/2-1/2"]
[WhiteElo "2023"]
[BlackElo "2123"]
[PlyCount "77"]
[EventDate "2006.08.19"]

1. e4 c5 2. Nc3 Nc6 3. g3 g6 4. Bg2 Bg7 5. d3 e6 6. Be3 Nd4 7. Nce2 Ne7 8. c3
Nxe2 9. Nxe2 Qc7 10. O-O O-O 11. d4 d6 12. Qd2 b6 13. Bh6 Ba6 14. Bxg7 Kxg7 15.
Rfe1 Bxe2 16. Rxe2 Rad8 17. Rc1 h6 18. Qe3 e5 19. f4 cxd4 20. cxd4 Qd7 21. d5
f6 22. fxe5 fxe5 23. h4 Rc8 24. Rec2 Rxc2 25. Rxc2 Rc8 26. Qc1 Rxc2 27. Qxc2
Qc8 28. Qe2 Ng8 29. Kh2 Nf6 30. Bh3 Qc5 31. Bg2 h5 32. Bf3 b5 33. a3 a6 34. Kg2
Qc1 35. Qf2 Kh6 36. Be2 Qd2 37. Qxf6 Qxe2+ 38. Kg1 Qe1+ 39. Kh2 1/2-1/2

[Event "XXVI Festival Conca della Presolana A"]
[Site "Bratto - Castione della Presolana ITA"]
[Date "2006.08.25"]
[Round "7"]
[White "Pegoraro, Nicola"]
[Black "Ceccarini, Marco"]
[Result "1-0"]
[WhiteElo "2047"]
[BlackElo "2140"]
[PlyCount "88"]
[EventDate "2006.08.19"]

1. e4 e6 2. d4 d5 3. e5 c5 4. c3 Qb6 5. Nf3 Nc6 6. Bd3 Bd7 7. dxc5 Qc7 8. Qe2
Bxc5 9. O-O a6 10. Bf4 Nge7 11. Nbd2 f5 12. b4 Ba7 13. h4 Ng6 14. Bh2 Qd8 15.
h5 Nge7 16. a4 Rc8 17. Rac1 Bb8 18. Nb3 Ba7 19. Bf4 Nb8 20. b5 axb5 21. axb5
O-O 22. Rfd1 Qe8 23. h6 Qh5 24. hxg7 Rf7 25. Nfd4 Qxe2 26. Bxe2 Rxg7 27. Na5
Ng6 28. Bh6 Re7 29. Bg5 Rf7 30. Nxb7 Rc7 31. Nd6 Rf8 32. Bf6 Bc5 33. Nb3 Rxf6
34. Nxc5 Nxe5 35. Na6 Nxa6 36. bxa6 Ra7 37. Rb1 Rf8 38. Rb6 Rfa8 39. Ra1 Bc8
40. Bb5 Nd7 41. Nxc8 Rxc8 42. Bxd7 Rxd7 43. a7 Ra8 44. Rb8+ Rd8 1-0

[Event "XXVI Festival Conca della Presolana A"]
[Site "Bratto - Castione della Presolana ITA"]
[Date "2006.08.25"]
[Round "7"]
[White "Piemonti, Carlo"]
[Black "Guanciale, Orazio"]
[Result "0-1"]
[WhiteElo "2058"]
[BlackElo "2156"]
[PlyCount "40"]
[EventDate "2006.08.19"]

1. e4 e6 2. d4 d5 3. Nc3 Bb4 4. a3 Bxc3+ 5. bxc3 dxe4 6. Qg4 Nf6 7. Qxg7 Rg8 8.
Qh6 Nbd7 9. Ne2 b6 10. Ng3 Bb7 11. Bg5 Rg6 12. Qh4 h6 13. Bxh6 Rg4 14. Qh3 Qe7
15. Bb5 O-O-O 16. Bxd7+ Kxd7 17. Nh5 Rdg8 18. Nxf6+ Qxf6 19. Qh5 Rh4 20. Qb5+
Bc6 0-1

[Event "XXVI Festival Conca della Presolana A"]
[Site "Bratto - Castione della Presolana ITA"]
[Date "2006.08.25"]
[Round "7"]
[White "Podini, Francesco"]
[Black "Novelli, Cristiano"]
[Result "1/2-1/2"]
[WhiteElo "2069"]
[BlackElo "2145"]
[PlyCount "79"]
[EventDate "2006.08.19"]

1. e4 e5 2. Bc4 Nf6 3. d3 Bc5 4. Nc3 c6 5. Nf3 d6 6. h3 b5 7. Bb3 h6 8. O-O
Nbd7 9. a4 b4 10. Ne2 Bb6 11. Ng3 Nc5 12. Bc4 Be6 13. Bxe6 fxe6 14. d4 Ncxe4
15. Nxe4 Nxe4 16. Qd3 d5 17. Nxe5 O-O 18. Nxc6 Qf6 19. Be3 a5 20. Rac1 Bc7 21.
c4 bxc3 22. bxc3 Qh4 23. Ne5 Rf5 24. f4 Rb8 25. c4 Rb2 26. Rf3 Bxe5 27. dxe5
Ng3 28. Bf2 Rxf2 29. Rxf2 Rxf4 30. Rxf4 Qxf4 31. Rb1 Qxe5 32. cxd5 exd5 33. Rd1
d4 34. Kf2 Ne4+ 35. Kg1 Ng3 36. Qc4+ Kh7 37. Qd3+ Kg8 38. Qf3 h5 39. Qa8+ Kh7
40. Qf3 1/2-1/2

[Event "XXVI Festival Conca della Presolana A"]
[Site "Bratto - Castione della Presolana ITA"]
[Date "2006.08.25"]
[Round "7"]
[White "Pulvirenti, Gianni"]
[Black "Rorato, Giovanni Riccardo"]
[Result "0-1"]
[WhiteElo "1970"]
[BlackElo "2057"]
[PlyCount "56"]
[EventDate "2006.08.19"]

1. c4 e5 2. g3 d6 3. Bg2 g6 4. Nc3 Bg7 5. e4 Ne7 6. Nge2 Be6 7. d3 O-O 8. O-O
Nbc6 9. Nd5 a5 10. Be3 f5 11. Qd2 Qd7 12. Bh6 Rf7 13. Bxg7 Kxg7 14. f4 Ng8 15.
Rf2 Nf6 16. Raf1 exf4 17. Ndxf4 fxe4 18. Nxe6+ Qxe6 19. Bxe4 Rff8 20. Bg2 Ne5
21. Nf4 Qd7 22. Bh3 Nfg4 23. Nh5+ gxh5 24. Qg5+ Ng6 25. Rxf8 Rxf8 26. Rxf8 Kxf8
27. Qxh5 Nf6 28. Qxg6 hxg6 0-1

[Event "XXVI Festival Conca della Presolana A"]
[Site "Bratto - Castione della Presolana ITA"]
[Date "2006.08.25"]
[Round "7"]
[White "Raselli, Claudio"]
[Black "Ranfagni, Stefano"]
[Result "0-1"]
[WhiteElo "2034"]
[BlackElo "2016"]
[PlyCount "68"]
[EventDate "2006.08.19"]

1. c4 e6 2. Nf3 f5 3. g3 Nf6 4. Bg2 Be7 5. O-O O-O 6. Nc3 d6 7. d4 Ne4 8. Qc2
Nxc3 9. Qxc3 Nc6 10. Be3 Bf6 11. Qd2 e5 12. d5 Ne7 13. Rac1 b6 14. b4 Bb7 15.
Rfd1 h6 16. h4 Ng6 17. Qc2 Qe8 18. Bd2 e4 19. Ne1 Be5 20. Bc3 Qe7 21. Bxe5 Nxe5
22. c5 bxc5 23. bxc5 Ng4 24. cxd6 cxd6 25. Qc7 Rf7 26. Qxe7 Rxe7 27. Bh3 e3 28.
Bxg4 exf2+ 29. Kxf2 fxg4 30. e3 Rf8+ 31. Ke2 Ba6+ 32. Kd2 Rf2+ 33. Kc3 Rxe3+
34. Kd4 Rxg3 0-1

[Event "XXVI Festival Conca della Presolana A"]
[Site "Bratto - Castione della Presolana ITA"]
[Date "2006.08.25"]
[Round "7"]
[White "Ricca, Giorgio"]
[Black "Buratti, Marco"]
[Result "1-0"]
[WhiteElo "2078"]
[BlackElo "2018"]
[PlyCount "99"]
[EventDate "2006.08.19"]

1. e4 e5 2. f4 Qh4+ 3. g3 Qe7 4. fxe5 d6 5. Nf3 dxe5 6. Nc3 Nf6 7. Bg2 Bg4 8.
d3 Nc6 9. Be3 O-O-O 10. h3 Bxf3 11. Qxf3 Nd4 12. Qf2 Qb4 13. Rb1 Be7 14. O-O c6
15. a3 Qa5 16. Ra1 h5 17. b4 Qa6 18. Rfb1 h4 19. g4 Rd7 20. a4 Ne8 21. g5 Bd8
22. b5 Qa5 23. bxc6 bxc6 24. Nd1 Nd6 25. Rb2 f6 26. c3 Ne6 27. gxf6 gxf6 28.
Bf3 Nf4 29. Bxf4 exf4 30. Bg4 f5 31. exf5 Rg7 32. f6+ Rxg4+ 33. hxg4 Bb6 34. d4
Qd5 35. Qxf4 h3 36. Ne3 Qe4 37. Qxe4 Nxe4 38. Nf5 Nxf6 39. g5 Nh5 40. g6 Kd7
41. Re1 Rg8 42. g7 c5 43. d5 c4+ 44. Kh2 Bc5 45. Rb7+ Kc8 46. Rf7 Kd8 47. d6
Nxg7 48. Rxg7 Bxd6+ 49. Kxh3 Rh8+ 50. Kg4 1-0

[Event "XXVI Festival Conca della Presolana A"]
[Site "Bratto - Castione della Presolana ITA"]
[Date "2006.08.25"]
[Round "7"]
[White "Rombaldoni, Axel"]
[Black "Salvador, Roland"]
[Result "0-1"]
[WhiteElo "2169"]
[BlackElo "2420"]
[PlyCount "76"]
[EventDate "2006.08.19"]

1. e4 c5 2. Nf3 Nc6 3. d4 cxd4 4. Nxd4 e5 5. Nb5 d6 6. a4 Be7 7. N1c3 a6 8. Na3
Nf6 9. Bg5 Be6 10. Bxf6 Bxf6 11. Bc4 O-O 12. O-O Rc8 13. Nd5 Bg5 14. c3 g6 15.
Qe2 Bh6 16. Rad1 Kh8 17. Ne3 Qe7 18. Bxe6 Qxe6 19. Rd3 f5 20. Rfd1 Rcd8 21.
Nec4 fxe4 22. Rxd6 Rxd6 23. Rxd6 Qf5 24. Nc2 Bg5 25. N2e3 Qf7 26. Rd1 Bh4 27.
Rd2 Qe7 28. g3 Bg5 29. Qg4 b5 30. axb5 axb5 31. Qxe4 bxc4 32. Qxc6 Bxe3 33.
fxe3 Qa7 34. Kg2 Qxe3 35. Qd5 Qe1 36. Rd1 Qe2+ 37. Kg1 Kg7 38. Qd2 Rf1+ 0-1

[Event "XXVI Festival Conca della Presolana A"]
[Site "Bratto - Castione della Presolana ITA"]
[Date "2006.08.25"]
[Round "7"]
[White "Sala, Sergio"]
[Black "Di Lascio, Savino"]
[Result "1-0"]
[WhiteElo "1902"]
[BlackElo "2048"]
[PlyCount "108"]
[EventDate "2006.08.19"]

1. e4 c6 2. d4 d5 3. exd5 cxd5 4. Bd3 Nc6 5. c3 g6 6. h3 Bg7 7. Nf3 Nh6 8. O-O
O-O 9. Re1 f6 10. c4 Nb4 11. cxd5 Nxd3 12. Qxd3 Bf5 13. Qb3 Qd7 14. d6+ e6 15.
Bxh6 Bxh6 16. Na3 g5 17. g4 Bg6 18. Qxe6+ Qxe6 19. Rxe6 Rad8 20. Nb5 Bg7 21.
Nxa7 Bf7 22. Re7 Rxd6 23. Nb5 Rb6 24. a4 Rc8 25. d5 Bxd5 26. Nfd4 Bf8 27. Ree1
Kf7 28. Rac1 Bc6 29. Na7 Ra8 30. Naxc6 bxc6 31. Rxc6 Rxc6 32. Nxc6 Rxa4 33. Re2
Ra8 34. Kg2 Rc8 35. Rc2 Re8 36. Kf3 Re1 37. Re2 Rd1 38. b4 Rd5 39. Re4 Rd3+ 40.
Re3 Rd5 41. Ke4 Rb5 42. Rb3 Kg6 43. Kd4 h5 44. Kc4 Rb7 45. b5 Bd6 46. b6 f5 47.
f3 fxg4 48. fxg4 hxg4 49. hxg4 Kf6 50. Kd5 Rd7 51. b7 Bh2+ 52. Ke4 Rd6 53. Rf3+
Ke6 54. b8=Q Kd7 1-0

[Event "XXVI Festival Conca della Presolana A"]
[Site "Bratto - Castione della Presolana ITA"]
[Date "2006.08.25"]
[Round "7"]
[White "Salmoiraghi, Angelo"]
[Black "Rorato, Renzo"]
[Result "1-0"]
[WhiteElo "2015"]
[BlackElo "2149"]
[PlyCount "55"]
[EventDate "2006.08.19"]

1. d4 Nf6 2. c4 c5 3. d5 g6 4. Nc3 Bg7 5. e4 d6 6. Bd3 O-O 7. Nge2 e6 8. O-O
exd5 9. cxd5 a6 10. Rb1 Nbd7 11. f3 Qc7 12. Be3 c4 13. Bc2 Nc5 14. b4 cxb3 15.
axb3 b5 16. b4 Ncd7 17. Bb3 Bb7 18. Rc1 Qd8 19. Nd4 Rc8 20. Qd2 Ne5 21. Nce2
Qd7 22. Rxc8 Rxc8 23. Rc1 Kf8 24. Rxc8+ Qxc8 25. Qc1 Ke8 26. Qxc8+ Bxc8 27. Nc1
Nxe4 28. fxe4 1-0

[Event "XXVI Festival Conca della Presolana A"]
[Site "Bratto - Castione della Presolana ITA"]
[Date "2006.08.25"]
[Round "7"]
[White "Schuurman, Petra"]
[Black "Mantovani, Renzo"]
[Result "1-0"]
[WhiteElo "2219"]
[BlackElo "2370"]
[PlyCount "161"]
[EventDate "2006.08.19"]

1. d4 Nf6 2. c4 e6 3. Nc3 d5 4. cxd5 exd5 5. Bg5 c6 6. e3 Bf5 7. Qf3 Bg6 8.
Bxf6 Qxf6 9. Qxf6 gxf6 10. h4 h5 11. O-O-O Nd7 12. Bd3 Bd6 13. Nh3 Kf8 14. Ne2
Kg7 15. Nhf4 Nf8 16. Rhg1 Kh6 17. g4 Bxd3 18. Nxd3 Ne6 19. gxh5 Kxh5 20. f4 Kh6
21. Ng3 Ng7 22. Nf2 f5 23. Nd3 Rae8 24. Ne5 Re7 25. Rd3 f6 26. Nf3 Rg8 27. h5
Kh7 28. h6 Rxe3 29. Rxe3 Bxf4 30. Nf1 Kxh6 31. Kc2 Bxe3 32. Nxe3 Re8 33. Kd3 f4
34. Ng2 Nh5 35. Re1 Rg8 36. Ngh4 Ng7 37. Rg1 Re8 38. Rg6+ Kh7 39. Rxf6 Re3+ 40.
Kd2 Nh5 41. Rf7+ Kg8 42. Rxb7 Ng3 43. Rxa7 Re2+ 44. Kc1 Ne4 45. Re7 Rf2 46. a4
c5 47. dxc5 Nxc5 48. Kb1 Nxa4 49. Rb7 d4 50. Rb8+ Kh7 51. Rb4 Rxb2+ 52. Rxb2
Nxb2 53. Kxb2 Kg7 54. Kc2 Kf6 55. Kd3 Ke7 56. Kxd4 Kd6 57. Nf5+ Kc6 58. Kc4 Kb6
59. N5d4 Kc7 60. Kd5 Kb7 61. Kc5 Kc7 62. Ne6+ Kd7 63. Kd5 Ke7 64. Nc5 Kf6 65.
Ke4 Kf7 66. Kf5 Ke7 67. Ke5 Kf7 68. Nd7 Ke8 69. Ke6 Kd8 70. Kd6 Kc8 71. Nc5 Kd8
72. Nb7+ Kc8 73. Kc6 Kb8 74. Nd6 Ka8 75. Kb5 Ka7 76. Ka5 Kb8 77. Kb6 Ka8 78.
Nb5 Kb8 79. Na7 Ka8 80. Ne5 f3 81. Nec6 1-0

[Event "XXVI Festival Conca della Presolana A"]
[Site "Bratto - Castione della Presolana ITA"]
[Date "2006.08.25"]
[Round "7"]
[White "Shytaj, Luca"]
[Black "Vancini, Edoardo"]
[Result "1-0"]
[WhiteElo "2433"]
[BlackElo "2250"]
[PlyCount "79"]
[EventDate "2006.08.19"]

1. e4 g6 2. d4 Bg7 3. Nc3 c6 4. Bc4 d6 5. Qf3 e6 6. Nge2 b5 7. Bb3 a5 8. a4 b4
9. Nd1 d5 10. O-O Ne7 11. c3 Na6 12. Bg5 O-O 13. e5 h6 14. Bh4 c5 15. Ne3 bxc3
16. bxc3 cxd4 17. cxd4 Nb4 18. Nc3 g5 19. Bg3 Nec6 20. Nb5 Ba6 21. Rfd1 Qb6 22.
Qg4 Bxb5 23. axb5 Na7 24. h4 f5 25. exf6 Bxf6 26. Qh5 Nxb5 27. Qg6+ Kh8 28.
Qxh6+ Kg8 29. Qg6+ Kh8 30. Ng4 Bg7 31. Be5 Ra7 32. Nf6 Rxf6 33. Bxf6 Nc3 34.
Re1 a4 35. Qe8+ Kh7 36. Rxe6 Ne2+ 37. Kh1 axb3 38. Qh5+ Bh6 39. Rxb6 Rxa1+ 40.
Kh2 1-0

[Event "XXVI Festival Conca della Presolana A"]
[Site "Bratto - Castione della Presolana ITA"]
[Date "2006.08.25"]
[Round "7"]
[White "Stips, Felix"]
[Black "Nardi, Marco"]
[Result "0-1"]
[WhiteElo "1874"]
[BlackElo "2045"]
[PlyCount "50"]
[EventDate "2006.08.19"]

1. e4 c5 2. Nf3 Nc6 3. d4 cxd4 4. Nxd4 e5 5. Nb5 d6 6. N1c3 a6 7. Na3 b5 8. Nd5
Nf6 9. Bg5 Be7 10. Bxf6 Bxf6 11. c3 O-O 12. h4 Be7 13. Nc2 Rb8 14. a3 Be6 15.
Ncb4 Nxb4 16. axb4 Ra8 17. Be2 Bxh4 18. g3 Bg5 19. Ra5 g6 20. Qa1 f5 21. Rxa6
fxe4 22. Ne3 Qf6 23. Rh2 Rxa6 24. Qxa6 Bxe3 25. fxe3 Qg5 0-1

[Event "XXVI Festival Conca della Presolana A"]
[Site "Bratto - Castione della Presolana ITA"]
[Date "2006.08.25"]
[Round "7"]
[White "Temi, Walter"]
[Black "Napoli, Nicolo'"]
[Result "1-0"]
[WhiteElo "2105"]
[BlackElo "2216"]
[PlyCount "127"]
[EventDate "2006.08.19"]

1. e4 g6 2. d4 Bg7 3. c4 c6 4. Nc3 d5 5. cxd5 cxd5 6. exd5 Nf6 7. Bb5+ Nbd7 8.
Nge2 O-O 9. d6 exd6 10. O-O a6 11. Bd3 b5 12. Bg5 h6 13. Bh4 Qb6 14. Qb3 Bb7
15. Bxg6 b4 16. Bxf6 Nxf6 17. Bd3 Qc6 18. d5 Nxd5 19. Be4 bxc3 20. Nxc3 Bxc3
21. bxc3 Rfe8 22. Bf3 Rac8 23. c4 Qxc4 24. Qxb7 Nf4 25. Qd7 Qe6 26. Qa4 Qc4 27.
Qd7 Red8 28. Qg4+ Ng6 29. Qh5 Kg7 30. Qa5 Rd7 31. Qd2 Rc5 32. Rac1 Qe6 33. Rxc5
dxc5 34. Qc3+ Qe5 35. Rc1 Rc7 36. Be2 Rc6 37. g3 a5 38. Bf3 Rf6 39. Qxe5 Nxe5
40. Be4 Nd7 41. Bg2 Rd6 42. Bh3 a4 43. Kf1 Nf6 44. Ke2 Rb6 45. Kd3 Rd6+ 46. Ke2
Ne4 47. Bf5 Rd4 48. Ke3 Nd6 49. Rxc5 Rb4 50. Bd3 Kf6 51. h4 Ke7 52. Ra5 Nc4+
53. Bxc4 Rxc4 54. Kd3 Rb4 55. Kc3 Re4 56. a3 Kf6 57. Ra6+ Kg7 58. Kd3 Rg4 59.
Rb6 f5 60. Rb4 Rg6 61. Rxa4 Rd6+ 62. Rd4 Rb6 63. a4 Rb2 64. Rf4 1-0

[Event "XXVI Festival Conca della Presolana A"]
[Site "Bratto - Castione della Presolana ITA"]
[Date "2006.08.25"]
[Round "7"]
[White "Tomba, Ivan"]
[Black "Piva, Giorgio"]
[Result "1-0"]
[WhiteElo "2227"]
[BlackElo "2129"]
[PlyCount "113"]
[EventDate "2006.08.19"]

1. e4 c5 2. Nf3 d6 3. d4 cxd4 4. Nxd4 Nf6 5. Nc3 g6 6. Be3 Bg7 7. f3 Nc6 8. Qd2
Bd7 9. O-O-O Rc8 10. g4 Ne5 11. h4 Qa5 12. Nb3 Qc7 13. Be2 b5 14. h5 b4 15. Nd5
Nxd5 16. exd5 O-O 17. Kb1 a5 18. Nd4 Rfe8 19. hxg6 fxg6 20. Rh4 Nc4 21. Bxc4
Qxc4 22. Qh2 e5 23. Nb3 a4 24. Rxh7 Re7 25. Na5 Qc7 26. Nc6 Bxc6 27. dxc6 Qxc6
28. Rh1 Rec7 29. Rh8+ Kf7 30. Rxc8 Rxc8 31. Qd2 a3 32. Rd1 axb2 33. Qd5+ Qxd5
34. Rxd5 Ke6 35. Rd3 Rc3 36. Bd2 Rc4 37. Rb3 e4 38. fxe4 Bc3 39. Bxc3 bxc3 40.
a4 Ke5 41. a5 Kxe4 42. a6 Kd4 43. a7 Ra4 44. Rb4+ Rxb4 45. a8=Q d5 46. g5 Kc5
47. Qc8+ Kd4 48. Qc6 Rc4 49. Qxg6 Kc5 50. Qa6 d4 51. Qxc4+ Kxc4 52. g6 d3 53.
g7 d2 54. g8=Q+ Kb5 55. Qd5+ Ka6 56. Ka2 Kb6 57. Qh1 1-0